Statistiques concernant Focus sur: Mîm - Tolkien

Cliquez ici pour prendre le quiz!

Statistiques générales

  • Ce quiz a été pris 6 fois
  • Le résultat moyen est 5 sur 7

Statistiques - réponses

Informations recherchéesRéponses% Correct
Première mentionLe Silmarillion
100%
EspèceNain
100%
Age durant lequel il vécutPremier
100%
ContréeAmon Rûdh
50%
Groupe de l'espècePetit-Nain
50%
FrèresKhîm
33%
Ibun
17%

Distribution des résultats

Percentile par nombre de réponses

% des personnes avec chaque résultat

Votre développement - résultats

Vous n’avez pas pris ce quiz